Istrochem, a.s. problémy a perspektívy Extra príloha Incheba 1997

Generálny riaditeľ akciovej spoločnosti Istrochem hovorí o súčasných výsledkoch i plánoch podniku. Vývoj podniku Istrochem. Zmeny v podniku v r.1996. Priebeh privatizácie štátneho podniku. Charakteristika vývoja v Istrocheme po r.1990. Stratégia podniku do r.2000. Investičné aktivity spoločnosti Ist...

Descrizione completa

Salvato in:
Dettagli Bibliografici
Autore principale: Trandžík, M.
Natura: Capitolo di libro
Lingua:slovacco
Soggetti:
Tags: Aggiungi Tag
Nessun Tag, puoi essere il primo ad aggiungerne!!

MARC

LEADER 00000naa a2200000 4500
001 r027306
005 20230606082627.4
041 0 |a slo 
044 |a SK 
245 1 0 |a Istrochem, a.s. problémy a perspektívy  |b Extra príloha Incheba 1997  |c M. Trandžík 
520 |a Generálny riaditeľ akciovej spoločnosti Istrochem hovorí o súčasných výsledkoch i plánoch podniku. Vývoj podniku Istrochem. Zmeny v podniku v r.1996. Priebeh privatizácie štátneho podniku. Charakteristika vývoja v Istrocheme po r.1990. Stratégia podniku do r.2000. Investičné aktivity spoločnosti Istrochem. 
610 2 0 |a Istrochem, a.s. Bratislava 
610 2 0 |a podnik štátny 
610 2 0 |a privatizácia 
610 2 0 |a vývoj podniku 
610 2 0 |a stratégia podniková 
610 2 0 |a priemysel chemický 
610 2 0 |a investície 
610 2 0 |a ekologizácia 
610 2 0 |a výroba chemická 
610 2 0 |a diverzifikácia 
100 1 |a Trandžík, M.